000 00607nam a22002177a 4500
003 UA-OsUOA
001 76292
007 ta
008 20110623b un ||||| |||| 00| 0 ukr d
100 _aПрозоров Ю.
090 _a330
_bП79
942 _cSA
040 _aUA-OsUOA
_brus
_cUA-OsUOA
_dUA-OsUOA
245 _aМеждународный опыт регулирования финансовых рынков
300 _aС.5
955 _a0
041 _arus
080 _a330
773 0 _w76291
_tУкраїна- business
_dК.
_d2011
_g24
650 7 _a330 Економіка взагалі
_2UDC
999 _c362595
_d362595